• 首页
  • 本馆介绍
  • 公告通知
  • 最新文献
  • 馆藏检索
  • 电子资源
  • 读者导购
  • 参考咨询
  • 我的图书馆
  • 登录
  • 详细信息显示
  • 放入我的书架
  • 预约/预借图书
  • 作者相关作品
  • 分类相关作品
  • 丛书相关作品
  • 出版社相关作品

书目信息

  • 表格格式
  • 工作单格式
  • 卡片格式
题名:
人才蓝皮书
    
 
作者: 张仲灿 主编
分册:  
出版信息: 杭州   杭州出版社  2018.3
页数: 324页
开本: 24cm
丛书名:
单 册:
中图分类: C964.2
科图分类:
主题词: 人才--发展战略--研究报告--杭州--2016
电子资源:
ISBN: 978-7-5565-0810-5
000 00835nam0 2200229 45
001 012001003037
005 20140926114740.0
010    @a978-7-5565-0810-5@dCNY75.00
100    @a20180318d2018 em y0chiy0110 ea
101 0  @achi
102    @aCN@b330000
105    @ay z 000yy
106    @ar
200 1  @a人才蓝皮书@9ren cai lan pi shu@f张仲灿主编
210    @a杭州@c杭州出版社@d2018.3
215    @a324页@d24cm
330    @a本书围绕2016年度杭州人才工作情况,汇集了全市人才工作2016年一年以来的重要文件、重大工作相关情况报告和重点课题研究成果,包括与同类城市的对比研究报告等,总结了全年人才工作的得失和经验教训,对来年工作作了预期和展望。
606 0  @a人才@x发展战略@x研究报告@x杭州@x2016
690    @aC964.2@v5
701  0 @a张仲灿@9zhang zhong can@4主编
801  0 @aCN@b上海新华@c20180901
905    @b1159002-6@dC964.2@e123@f5
    
    人才蓝皮书/张仲灿主编.-杭州:杭州出版社,2018.3
    324页;24cm
    
    
    ISBN 978-7-5565-0810-5:CNY75.00
    本书围绕2016年度杭州人才工作情况,汇集了全市人才工作2016年一年以来的重要文件、重大工作相关情况报告和重点课题研究成果,包括与同类城市的对比研究报告等,总结了全年人才工作的得失和经验教训,对来年工作作了预期和展望。
●
相关链接 在E读中查询图书 在五车中查询图书 在当当中查询图书 在豆瓣中查询图书


正题名:人才蓝皮书     索取号:C964.2/123         预约/预借

序号 登录号 条形码 馆藏地/架位号 状态 备注
1 1159002   211590027   第一样本阅览室/ [索取号:C964.2/123] 在馆    
2 1159003   211590036   第一借阅区/ [索取号:C964.2/123] 在馆    
3 1159004   211590045   第一借阅区/ [索取号:C964.2/123] 在馆    
4 1159005   211590054   第一借阅区/ [索取号:C964.2/123] 在馆    
5 1159006   211590063   第一借阅区/ [索取号:C964.2/123] 在馆    
唐山师范学院图书馆 欢迎您!
大连网信软件有限公司© 版权所有